Miera spoločenskej efektívnosti

V príspevku je navrhnutá miera spoločenskej efektívnosti, vychádzajúca z predstavenia produkcie HDP ako výsledku transformačného procesu početných technických, environmentálnych a sociálnych vstupov. Tieto tri rozmery sú ohodnotené pomocou analýzy dátového obalu a z nich je vypočítaná celková miera...

ver descrição completa

Na minha lista:
Detalhes bibliográficos
Autor principal: Nežinský, Eduard, 1972-
Formato: Capítulo de Livro
Idioma:eslovaco
Assuntos:
Tags: Adicionar Tag
Sem tags, seja o primeiro a adicionar uma tag!

MARC

LEADER 00000nla a2200000 4500
001 0179695
005 20240502073044.1
041 0 |a slo 
044 |a SK 
245 1 0 |a Miera spoločenskej efektívnosti  |c Eduard Nežinský 
520 |a V príspevku je navrhnutá miera spoločenskej efektívnosti, vychádzajúca z predstavenia produkcie HDP ako výsledku transformačného procesu početných technických, environmentálnych a sociálnych vstupov. Tieto tri rozmery sú ohodnotené pomocou analýzy dátového obalu a z nich je vypočítaná celková miera efektívnosti. Výsledky empirickej analýzy 28 európskych krajín odhaľujú zdroje neefektívnosti a môžu byť užitočné pri rozhodovacom hospodársko-politickom procese. 
610 2 0 |a efektívnosť 
610 2 0 |a meranie výkonnosti 
610 2 0 |a analýza empirická 
610 2 0 |a modelovanie 
610 2 0 |a blahobyt 
610 2 0 |a rozvoj sociálno-ekonomický 
610 2 0 |a Európa 
100 1 |a Nežinský, Eduard, 1972-